000 00360nam a2200097Ia 4500
008 180130s9999 xx 000 0 und d
245 _cDe Ruiter, Corine
_aFilicide or false confession?
260 _c2015
300 _aBook title: Forensic psychological assessment in practice : case studies--Acession number C20214; pages 112-135
650 _aFORENSIC PSYCHIATRY
999 _c353871
_d353871